|
|
|
|
| LEADER |
00000nam2a2200000 4500 |
| 001 |
331785 |
| 005 |
20231102004406.0 |
| 035 |
|
|
|a (RuTPU)RU\TPU\book\357644
|
| 035 |
|
|
|a RU\TPU\book\357386
|
| 090 |
|
|
|a 331785
|
| 100 |
|
|
|a 20170504d1979 k y0rusy5003 ca
|
| 101 |
0 |
|
|a rus
|
| 102 |
|
|
|a RU
|
| 105 |
|
|
|a a z 001zy
|
| 200 |
0 |
|
|a Вып. 4
|e [сборник]
|f отв. ред. А. А. Туманов
|
| 210 |
|
|
|d 1979
|
| 215 |
|
|
|a 121 с.
|c ил.
|
| 320 |
|
|
|a Библиогр. в конце ст.
|
| 461 |
|
1 |
|0 (RuTPU)RU\TPU\book\313826
|t Физико-химические методы анализа
|o межвузовский сборник
|f Горьковский государственный университет им. Н. И. Лобачевского (ГГУ)
|v Вып. 4
|d 1976-
|
| 606 |
1 |
|
|a Физико-химический анализ
|2 stltpush
|3 (RuTPU)RU\TPU\subj\68857
|9 83965
|
| 610 |
1 |
|
|a исследования
|
| 610 |
1 |
|
|a органические соединения
|
| 610 |
1 |
|
|a неорганические соединения
|
| 610 |
1 |
|
|a анализ
|
| 610 |
1 |
|
|a методы
|
| 610 |
1 |
|
|a спектральный анализ
|
| 610 |
1 |
|
|a масс-спектрометрический анализ
|
| 610 |
1 |
|
|a хроматографический анализ
|
| 610 |
1 |
|
|a биологические методы
|
| 610 |
1 |
|
|a экстракция
|
| 610 |
1 |
|
|a титриметрические методы
|
| 610 |
1 |
|
|a фотометрия
|
| 610 |
1 |
|
|a катионы
|
| 610 |
1 |
|
|a твердые тела
|
| 610 |
1 |
|
|a поверхность
|
| 610 |
1 |
|
|a чистота
|
| 610 |
1 |
|
|a номограммы
|
| 675 |
|
|
|a 543.4/.5
|z rus
|v 3
|
| 702 |
|
1 |
|a Туманов
|b А. А.
|4 340
|
| 801 |
|
0 |
|a RU
|b RuMRKP
|c 19950704
|g psbo
|
| 801 |
|
1 |
|a RU
|b 63413507
|c 20141106
|
| 801 |
|
2 |
|a RU
|b 63413507
|c 20170505
|g RCR
|
| 942 |
|
|
|c BK
|